[Event "TUR-chT 1st League"]
[Site "Konya"]
[Date "2018.07.20"]
[Round "7.8"]
[White "Akti, Ezgi"]
[Black "Aslan, Lina"]
[Result "1/2-1/2"]
[WhiteElo "1641"]
[BlackElo "1521"]
[PlyCount "98"]
[EventDate "2018.07.16"]
[EventType "team-swiss"]
[EventRounds "9"]
[EventCountry "TUR"]
[SourceTitle "EXT 2019"]
[Source "ChessBase"]
[SourceDate "2018.10.10"]
[SourceVersion "1"]
[SourceVersionDate "2018.10.10"]
[SourceQuality "1"]
[WhiteTeam "Salihli Sardes"]
[BlackTeam "Aydin Egitim Merkezi"]
[WhiteTeamCountry "TUR"]
[BlackTeamCountry "TUR"]

1. e4 c5 2. Nf3 d6 3. c3 Nf6 4. Bd3 Nc6 5. h3 e6 6. Bc2 Be7 7. 0-0 0-0 8. d4 d5 9. e5 Nd7 10. Qd3 f5 11. Nh2 cxd4 12. cxd4 Qc7 13. Nc3 Nb4 14. Qe2 Nxc2 15. Qxc2 b5 16. Qb3 Rb8 17. Ne2 Nb6 18. Qd1 Bd7 19. Bd2 b4 20. Rc1 Qb7 21. Nf4 Rbc8 22. b3 a5 23. Nf3 a4 24. h4 axb3 25. axb3 Rxc1 26. Qxc1 Rc8 27. Qb2 Na8 28. Ra1 Nc7 29. Nd3 Na6 30. h5 Bb5 31. Nfe1 Rc7 32. Rc1 Qc8 33. Rxc7 Qxc7 34. Qc1 Qxc1 35. Nxc1 Nc7 36. Nc2 Be8 37. Nxb4 Bxb4 38. Bxb4 Nb5 39. Bc5 Bxh5 40. f3 g5 41. Nd3 Bg6 42. Kf2 f4 43. Nb4 Kf7 44. Nc6 Bf5 45. Na7 Bd3 46. Nc8 Kg6 47. Ne7+ Kf7 48. Nc6 Bf5 49. Ke2 h5 1/2-1/2

[Event "EU-Cup 33rd"]
[Site "Antalya"]
[Date "2017.10.08"]
[Round "1.2"]
[White "Aslan, Lina"]
[Black "Sylvan, Jacob"]
[Result "0-1"]
[WhiteElo "1535"]
[BlackElo "2363"]
[PlyCount "62"]
[EventDate "2017.10.08"]
[EventType "team-swiss"]
[EventRounds "7"]
[EventCountry "TUR"]
[SourceTitle "CBM 181"]
[Source "ChessBase"]
[SourceDate "2017.11.10"]
[SourceVersion "1"]
[SourceVersionDate "2017.11.10"]
[SourceQuality "1"]
[WhiteTeam "Hatay Buyuksehir"]
[BlackTeam "Nordkalotten"]
[WhiteTeamCountry "TUR"]
[BlackTeamCountry "DEN"]

1. e4 g6 2. d4 Bg7 3. Nf3 d6 4. Nc3 a6 5. a4 b6 6. Bc4 e6 7. 0-0 Ne7 8. Qe2 0-0 9. Bg5 h6 10. Be3 Nd7 11. Qd2 Kh7 12. b4 Nf6 13. Bd3 Ng4 14. h3 Nxe3 15. Qxe3 Bb7 16. Ne2 e5 17. dxe5 dxe5 18. Rfd1 Qe8 19. a5 bxa5 20. Rxa5 Nc6 21. Ra4 Nd4 22. Rda1 f5 23. Nexd4 exd4 24. Qe2 fxe4 25. Bxa6 d3 26. cxd3 Bxa1 27. Rxa1 Rxa6 28. Re1 exf3 29. Qxe8 Rxe8 30. Rxe8 Ra1+ 31. Kh2 fxg2 0-1

[Event "TUR-chT 1st League"]
[Site "Konya"]
[Date "2017.07.20"]
[Round "5.5"]
[White "Aslan, Lina"]
[Black "Kocyigit, Buse Naz"]
[Result "0-1"]
[WhiteElo "1481"]
[BlackElo "1628"]
[PlyCount "120"]
[EventDate "2017.07.17"]
[EventType "team-swiss"]
[EventRounds "9"]
[EventCountry "TUR"]
[SourceTitle "CBM 179 Extra"]
[Source "ChessBase"]
[SourceDate "2017.08.23"]
[SourceVersion "1"]
[SourceVersionDate "2017.08.23"]
[SourceQuality "1"]
[WhiteTeam "Aydin Egitim Merkezi"]
[BlackTeam "Karaman Saglik"]
[WhiteTeamCountry "TUR"]
[BlackTeamCountry "TUR"]

1. e4 d5 2. exd5 Qxd5 3. Nc3 Qd6 4. d4 Nf6 5. Nf3 Bg4 6. Be2 e6 7. 0-0 c6 8. Bg5 Nbd7 9. Qd2 Qc7 10. h3 Bh5 11. Rfe1 Bd6 12. Qe3 h6 13. Bxf6 Nxf6 14. Ne5 Bxe2 15. Qxe2 0-0 16. Ng4 Nd5 17. Ne4 Rad8 18. a3 Nf4 19. Qe3 h5 20. Ne5 Bxe5 21. dxe5 Qxe5 22. Qb3 Qf5 23. Qf3 e5 24. Rad1 Rxd1 25. Rxd1 Nxh3+ 26. Qxh3 Qxe4 27. Qc3 Qf5 28. Re1 Re8 29. Qb3 Re7 30. Rd1 Rd7 31. Rxd7 Qxd7 32. Qe3 Qd4 33. Qb3 b6 34. c3 Qd2 35. Qc4 Qe1+ 36. Kh2 Qxf2 37. Qxc6 Qf4+ 38. Kg1 e4 39. Qd5 e3 40. Qd8+ Kh7 41. Qd3+ g6 42. Qe2 Kh6 43. b4 Qf2+ 44. Qxf2 exf2+ 45. Kxf2 Kg5 46. Kf3 Kf5 47. c4 Ke5 48. Ke3 g5 49. a4 g4 50. g3 f5 51. b5 Ke6 52. Kf4 Kd6 53. Kxf5 h4 54. Kxg4 hxg3 55. Kxg3 Kc5 56. Kf3 Kxc4 57. Ke3 Kb4 58. Kd3 Kxa4 59. Kc4 Ka5 60. Kb3 Kxb5 0-1

[Event "TUR-ch (Women)"]
[Site "Aksu"]
[Date "2017.03.06"]
[Round "1"]
[White "Aslan, Lina"]
[Black "Bahar, Ilgin"]
[Result "1-0"]
[WhiteElo "1458"]
[BlackElo "1226"]
[PlyCount "57"]
[EventDate "2017.03.06"]
[EventType "swiss"]
[EventRounds "9"]
[EventCountry "TUR"]
[SourceTitle "CBM 177 Extra"]
[Source "ChessBase"]
[SourceDate "2017.04.27"]
[SourceVersion "1"]
[SourceVersionDate "2017.04.27"]
[SourceQuality "1"]

1. e4 c5 2. Nf3 d6 3. Bb5+ Nd7 4. 0-0 a6 5. Bxd7+ Bxd7 6. Re1 e5 7. d3 Nf6 8. Nc3 Bc6 9. a4 Be7 10. Nd2 0-0 11. a5 Re8 12. Nc4 Nd7 13. Qg4 Bf6 14. Nxd6 Re6 15. Nf5 Nf8 16. Nh6+ Kh8 17. Nxf7+ Kg8 18. Nxd8 Rxd8 19. Re3 Red6 20. Rg3 Bd7 21. Qh5 Be8 22. Qe2 Bh4 23. Bg5 Bxg3 24. Bxd8 Bxf2+ 25. Qxf2 Rxd8 26. Qxc5 Ng6 27. Qc7 Rd7 28. Qc8 Kf7 29. Rf1+ 1-0

[Event "TUR-chT2"]
[Site "Konya"]
[Date "2014.06.26"]
[Round "5.7"]
[White "Akgul, Beyza"]
[Black "Aslan, Lina"]
[Result "1-0"]
[WhiteElo "1553"]
[BlackElo "1535"]
[PlyCount "78"]
[EventDate "2014.06.23"]
[EventType "team-swiss"]
[EventRounds "9"]
[EventCountry "TUR"]
[SourceTitle "CBM 161 Extra"]
[Source "ChessBase"]
[SourceDate "2014.08.29"]
[SourceVersion "1"]
[SourceVersionDate "2014.08.29"]
[SourceQuality "1"]
[WhiteTeam "Alapli"]
[BlackTeam "Tasduvar"]
[WhiteTeamCountry "TUR"]
[BlackTeamCountry "TUR"]

1. e4 c5 2. Nc3 a6 3. g3 b5 4. Bg2 Bb7 5. d3 e6 6. f4 Nc6 7. Nf3 Qc7 8. Be3 0-0-0 9. Qd2 d5 10. exd5 exd5 11. Bf2 Nf6 12. 0-0 h5 13. h3 Ng8 14. Ng5 d4 15. Nd5 Rxd5 16. Bxd5 Nd8 17. Bxb7+ Qxb7 18. Qe2 Qd7 19. Kh2 Nf6 20. c3 dxc3 21. bxc3 Be7 22. Qf3 Kb8 23. Kg2 Ne8 24. Rab1 f6 25. Ne4 Nb7 26. c4 b4 27. Rfd1 Nc7 28. d4 Ne6 29. d5 Ned8 30. d6 Bf8 31. Nxc5 Nxc5 32. Bxc5 a5 33. a3 Nb7 34. axb4 axb4 35. Rxb4 g5 36. Qa3 Qc6+ 37. Qf3 Qd7 38. Rdb1 Rh7 39. Rxb7+ Qxb7 1-0

[Event "TUR-chT2"]
[Site "Konya"]
[Date "2014.06.23"]
[Round "1.4"]
[White "Aslan, Lina"]
[Black "Celik, Akarsu Bengi"]
[Result "0-1"]
[WhiteElo "1535"]
[BlackElo "1418"]
[PlyCount "120"]
[EventDate "2014.06.23"]
[EventType "team-swiss"]
[EventRounds "9"]
[EventCountry "TUR"]
[SourceTitle "CBM 161 Extra"]
[Source "ChessBase"]
[SourceDate "2014.08.29"]
[SourceVersion "1"]
[SourceVersionDate "2014.08.29"]
[SourceQuality "1"]
[WhiteTeam "Tasduvar"]
[BlackTeam "Karsiyaka Ihtisas"]
[WhiteTeamCountry "TUR"]
[BlackTeamCountry "TUR"]

1. e4 c5 2. Nf3 g6 3. d4 cxd4 4. Nxd4 Bg7 5. Nc3 Nc6 6. Be3 d6 7. Qd2 Nf6 8. f3 0-0 9. Bc4 Bd7 10. 0-0-0 a6 11. h4 Rc8 12. Bb3 b5 13. Bh6 Nxd4 14. Bxg7 Nxb3+ 15. axb3 Kxg7 16. f4 Bg4 17. Rdf1 h5 18. f5 Qc7 19. fxg6 fxg6 20. Nd5 Nxd5 21. exd5 Bf5 22. c3 Qa5 23. Qd4+ Kh7 24. Kd2 Qa2 25. c4 bxc4 26. Rc1 Qxb3 27. Rhe1 Qb4+ 28. Ke3 Qc5 29. Qxc5 Rxc5 30. Kd4 Re8 31. Rxc4 e5+ 32. dxe6 Rxc4+ 33. Kxc4 Rxe6 34. Rxe6 Bxe6+ 35. Kb4 d5 36. Kc5 Kg7 37. Kd4 Kf6 38. b4 Kf5 39. Kc5 Ke4 40. Kb6 Bc8 41. Kc7 d4 42. Kxc8 d3 43. Kb7 d2 44. Kxa6 d1Q 45. b5 Qa1+ 46. Kb7 Kf4 47. b6 Kg4 48. Kb8 Kxh4 49. b7 Kg3 50. Kc8 Qh8+ 51. Kc7 Kxg2 52. b8Q Qxb8+ 53. Kxb8 h4 54. Kc7 h3 55. Kd6 h2 56. Ke6 h1Q 57. Kf6 Qh5 58. Kg7 Kf3 59. Kf6 Ke4 60. Kg7 Kd4 0-1